| 000 | 00548nam a2200169 4500 | ||
|---|---|---|---|
| 001 | 4133 | ||
| 005 | 20181127172700.0 | ||
| 020 | 0 | 0 | _a9789993628125 |
| 090 | 0 | 0 | _a362.292 D699a 2012 |
| 100 | 0 | 0 | _aDorji, Lham. |
| 245 | 0 | 0 |
_aAlcohol use and abuse in Bhutan / _b _cLham Dorji. _h |
| 260 | 0 | 0 |
_aThimphu : _bNational Statistics Bureau, _c2012. |
| 300 | 0 | 0 | _ax, 195 p. ; 22 cm. |
| 650 | 0 | 0 |
_aBhutan. _x |
| 650 | 0 | 0 |
_aDrinking of alcoholic beverages. _x |
| 856 |
_a _uhttp://www.nsb.gov.bt/publication/files/pub1vc5889ov.pdf _yAlcohol use and abuse in Bhutan. _z _3 |
||
| 999 |
_c3386 _d3386 |
||